Tiché vína a spotrebná daň
Už od roku 2003, teda v čase, keď sa pripravovala legislatíva spotrebných daní nevyhnutná pre vstup SR do EÚ, existujú snahy zdaniť tiché vína inou ako nulovou sadzbou dane.
Gespeichert in:
| 1. Verfasser: | |
|---|---|
| Format: | Buchkapitel |
| Sprache: | Slowakisch |
| Schlagworte: | |
| Tags: |
Keine Tags, Fügen Sie das erste Tag hinzu!
|
MARC
| LEADER | 00000naa a2200000 4500 | ||
|---|---|---|---|
| 001 | 0132354 | ||
| 005 | 20231114101638.6 | ||
| 041 | 0 | |a slo | |
| 044 | |a SK | ||
| 245 | 1 | 0 | |a Tiché vína a spotrebná daň |c Peter Šubík |
| 520 | |a Už od roku 2003, teda v čase, keď sa pripravovala legislatíva spotrebných daní nevyhnutná pre vstup SR do EÚ, existujú snahy zdaniť tiché vína inou ako nulovou sadzbou dane. | ||
| 610 | 2 | 0 | |a víno |
| 610 | 2 | 0 | |a výroba |
| 610 | 2 | 0 | |a domácnosti |
| 610 | 2 | 0 | |a dane spotrebné |
| 610 | 2 | 0 | |a Slovensko |
| 100 | 1 | |a Šubík, Peter | |